Company law and taxation

Bibliographic Details
Main Author: Jones, Sally A.
Other Authors: Bellringer, David R.
Format: Book
Published: Butterworth : London , 1984
Subjects:

MARC

LEADER 00000cam a2200000 7i4500
001 0000000078
005 20050628.0
020 |a 0406258163 
040 |a INS 
090 0 0 |a KF2904.9   |b C737 1984 
100 1 |a Jones, Sally A. 
245 1 0 |a Company law and taxation   |c Sally A. Jones and David R. Bellringer 
260 |a Butterworth :   |b London ,   |c 1984 
300 |a ixp :   |b 283p ;   |c 25cm. 
650 0 0 |a Corporation law 
650 0 0 |a Corporation   |x Laws and Legislation 
650 0 0 |a Corporation   |x Taxation 
700 1 |a Bellringer, David R. 
999 |a 0000000207   |b BOOK   |c Red Spot   |e Default branch